Loading...
Fine Arts - Classical Music | 1 | 20.00 | 100% | 100% | 0% |
Fine Arts - Other Fine Arts | 1 | 10.00 | 100% | 0% | 0% |
History - American History | 1 | 20.00 | 100% | 100% | 0% |
History - European History | 1 | 20.00 | 100% | 100% | 0% |
History - Other History | 1 | 20.00 | 100% | 100% | 0% |
History - World History | 1 | 20.00 | 100% | 100% | 0% |
Literature - American Literature | 1 | 30.00 | 100% | 100% | 100% |
Literature - European Literature | 1 | 20.00 | 100% | 100% | 0% |
Literature - World/Other Literature | 1 | 30.00 | 100% | 100% | 100% |
Mythology | 1 | 10.00 | 100% | 0% | 0% |
Philosophy | 1 | 20.00 | 100% | 100% | 0% |
Religion | 1 | 20.00 | 100% | 100% | 0% |
Science - Biology | 1 | 10.00 | 100% | 0% | 0% |
Science - Chemistry | 1 | 20.00 | 100% | 100% | 0% |
Science - Other Science | 1 | 30.00 | 100% | 100% | 100% |
Science - Physics | 1 | 20.00 | 100% | 100% | 0% |